| 000 | 00603nam a2200217 a 4500 | ||
|---|---|---|---|
| 001 | 53484 | ||
| 003 | BD-RjUL | ||
| 005 | 20211209075953.0 | ||
| 008 | 161016t1961 enk 000 0 eng d | ||
| 035 | _a(BD-RjUL)53605 | ||
| 040 |
_aBUF _cBUF _dUKM _dBD-RjUL _beng |
||
| 041 | _aeng | ||
| 082 | 0 | 4 |
_a370.1962 _218 _bWYY 1961 |
| 090 |
_aLB2376 _b.W92 |
||
| 100 | 1 |
_aWyatt, Honor. _9159893 |
|
| 245 | 1 | 0 |
_aYoung people abroad / _cHonor Wyatt |
| 260 |
_aLondon ; _aNew York : _bHurst & Blackett, _cc1961. |
||
| 300 |
_a139 p. ; _c19 cm. |
||
| 650 | 0 |
_aStudent exchange programs. _9159894 |
|
| 942 |
_2ddc _cBK |
||
| 999 |
_c53484 _d53484 |
||